L'Ethiopie pour les touristes... - Statistiques

Statistiques générales
  • Ce quiz a été pris 17 fois
  • Le résultat moyen est 7 sur 20
Statistiques - réponses
Question Indice Réponses % Correct
Quelle est la langue officielle ? Amharique
93%
Ce pays est plus grand que la France (oui/non) Oui
86%
Achats à faire 4/ Bijoux en Or
71%
Quel est le régime du pays ? R République
71%
Le principal aéroport est A Addis-Abeba
64%
Achats à faire 1/ Symbole chrétien Croix
64%
Dans la capitale quel est le décalage horaire avec Paris ? (+ ou - et chiffre) ex - 10 ou + 3,5 + 1
50%
Quelle est la monnaie ? Birr
43%
Le suffixe internet est et
36%
La religion majoritaire est Christianisme
29%
Quel pays a accordé son indépendance à celui-ci ? France
29%
Quelles sont les principaux lieux touristiques ? B Ville de {Gondar}
21%
Achats à faire 5/ Parfum Encens
14%
Code sur les plaques minéralogiques ETH
14%
Achats à faire 2/ Bâton de Pèlerin
14%
Quelles sont les principaux lieux touristiques ? B Ville d"{Axoum}
7%
Quelles sont les principaux lieux touristiques ? T Ville de {Lalibela}
7%
Achats à faire 3/ Grigri Amulette
0%
Quelles sont les principaux lieux touristiques ? S Lacs de la vallée du {Rift}
0%
Quel est le climat local ? T A D {Tropical} {Alpin} et {Désertique}
0%
Aucun quiz correspondant
Distribution des résultats
% des personnes avec chaque résultat
Percentile par nombre de réponses
Votre historique - résultats
Vous n’avez pas pris ce quiz